LEADER 01034nam a2200253 i 4500 001 991002000099707536 005 20020507155025.0 008 991209s1996 it ||| | ita 020 $a8814056439 035 $ab11594664-39ule_inst 035 $aLE02728800$9ExL 040 $aDip.to Studi Giuridici$bita 082 0 $a343.45055 100 1 $aGhinassi, Simone$0407200 245 10$aImposte di registro e di successione :$bprofili soggettivi ed implicazioni costituzionali /$cSimone Ghinassi 260 $aMilano :$bA. Giuffré,$c1996 300 $axiii, 166 p. ;$c24 cm. 907 $a.b11594664$b02-04-14$c02-07-02 912 $a991002000099707536 945 $aLE025 ECO 343 GHI02.01$g1$i2025000090811$lle025$op$pE11.36$q-$rl$s- $t0$u0$v0$w0$x0$y.i13109157$z17-02-04 945 $aLE027 343 GHI01.01$g1$i2027000004089$lle027$o-$pE0.00$q-$rl$s- $t0$u2$v5$w2$x0$y.i11805377$z02-07-02 996 $aImposte di registro e di successione$967378 997 $aUNISALENTO 998 $a(2)le025$ale027$b01-01-99$cm$da $e-$fita$git $h0$i3